| 000 | 00946nam a2200253 a 4500 | ||
|---|---|---|---|
| 001 | BRCA_716 | ||
| 005 | 20190320203122.0 | ||
| 008 | 851003s1984 mx-a---##b---f001-0bspa-# | ||
| 020 | _a9688373176 | ||
| 040 |
_aDLC _cDLC _dDLC |
||
| 050 | 4 |
_aND259.C6 _b.G37 1992 |
|
| 100 | 1 |
_aGarcía Barragán, Elisa _92352 |
|
| 245 | 1 | 0 |
_aEl pintor Juan Cordero _blos días y las obras _cElisa García Barragán. |
| 250 | _a2 | ||
| 260 |
_aMéxico _bGobierno del Estado de Puebla : Comisión Puebla V Centenario _c1992 |
||
| 300 |
_axi, 244 p. _bil. (algunas a color), 92 láminas _c31 cm. |
||
| 500 | _aIncluye índice de nombres, lista de ilustraciones a color y en blanco y negro | ||
| 500 | _aComisión Puebla V centenario 1492-1992 | ||
| 500 | _a2do. ejemplar en el Área de Investigación | ||
| 504 | _aBibliografía: p. 157-161 | ||
| 600 | 1 | 4 |
_aCordero Hoyos, Juan _d1822-1884 _92353 |
| 650 | 1 | 4 |
_aPintores _vBiografías _zMéxico _92354 |
| 942 |
_2lcc _cB |
||
| 999 |
_c617 _d617 |
||